Nintendo Labo Toy-Cons - Statistics

General Stats
  • This quiz has been taken 26 times
    22 since last reset
  • The average score is 7 of 17
Answer Stats
Toy-Con % Correct
Robot
88%
Piano
75%
RC Car
75%
Car
69%
Motorbike
63%
Fishing Rod
56%
House
50%
Bird
31%
Camera
25%
Elephant
25%
Plane
25%
Submarine
25%
Blaster
19%
Pedal
19%
VR Goggles
19%
Wind Pedal
19%
Key
6%
No matching quizzes found
Score Distribution
Percent of People with Each Score
Percentile by Number Answered
Your Score History
You have not taken this quiz since the last reset